Paroles - Le Temps des colonies - Michel Sardou - Statistiques

Statistiques générales
  • Ce quiz a été pris 94 fois
  • Le résultat moyen est 132 sur 174
Statistiques - réponses
Paroles % Correct
de
98%
à
96%
a.
96%
a
96%
A
96%
colo,
94%
colonies.
94%
des
94%
temps
94%
Au
92%
au
92%
béni
92%
le
88%
en
87%
En
87%
la
85%
On
85%
on
85%
j'ai
83%
mon
83%
pas
83%
pas,
83%
Moi
81%
moi
81%
monsieur
81%
monsieur,
81%
ce
79%
Et
79%
et
79%
pense
79%
pense,
79%
se
79%
ça
77%
encore
77%
Les
77%
mais
77%
que
77%
dans
75%
France,
75%
idées,
75%
Nous
75%
toi,
73%
Y
73%
d'essence
71%
vie,
71%
café,
69%
eu
69%
fais
69%
filles
69%
J'avais
69%
Bamako.
67%
belle
67%
lit
67%
t'as
67%
coton,
65%
Grand
65%
képi,
65%
oh
65%
quatre
65%
Dakar,
63%
Dis-nous
63%
Chef
62%
ficelles
62%
tué
62%
glorieux
60%
m'appelaient
58%
noirs
58%
plein
58%
Niger,
56%
panthères,
56%
Qui
56%
Sénégalais
56%
serviteurs
56%
sur
56%
tirailleurs
56%
guerriers
54%
Pour
54%
pour
54%
Bwana
52%
Bwana.
52%
Conakry,
52%
tous
52%
l'A.O.F.
50%
paradis,
48%
Tombouctou
48%
patrie,
46%
rien
44%
Autrefois
42%
cru
42%
mouraient
42%
n'égalait
42%
serait
40%
Entre
38%
pastis,
38%
gin
35%
réceptions
35%
Colomb-Béchar
33%
tennis,
33%
l'Oubangui,
17%
Hypos
13%
Aucun quiz correspondant
Distribution des résultats
% des personnes avec chaque résultat
Percentile par nombre de réponses
Votre historique - résultats
Vous n’avez pas pris ce quiz